Language Specific characters - Statistics

General Stats
  • This quiz has been taken 10 times
    5 since last reset
  • The average score is 5 of 12
Answer Stats
Hint Answer % Correct
ß German
100%
Θ Greek
80%
ő Hungarian
80%
Korean
80%
ř Czech
60%
ij Dutch
40%
խ Armenian
20%
ə Azerbaijani
20%
מ Hebrew
20%
þ Icelandic
20%
ґ Ukrainian
20%
ў Belarusian
0%
No matching quizzes found
Score Distribution
Percent of People with Each Score
Percentile by Number Answered
Your Score History
You have not taken this quiz since the last reset